Osnovnyje fondy promyšlennosti i resursy ich ispol'zovanija
Guardado en:
| Formato: | Libro |
|---|---|
| Lenguaje: | ruso |
| Publicado: |
Dušanbe
Doniš
1979
|
| Etiquetas: |
Sin Etiquetas, Sea el primero en etiquetar este registro!
|
MARC
| LEADER | 00000nam a2200000 4500 | ||
|---|---|---|---|
| 001 | c142388 | ||
| 005 | 20150325105550.7 | ||
| 041 | 0 | |a rus | |
| 044 | |a TM | ||
| 245 | 1 | 0 | |a Osnovnyje fondy promyšlennosti i resursy ich ispol'zovanija |
| 264 | 1 | |a Dušanbe |b Doniš |c 1979 | |
| 300 | |a 319 s. | ||